|
|
|
|
| LEADER |
00000nab a2200000 a 4500 |
| 001 |
vtls000095229 |
| 003 |
SK-MaSNL |
| 005 |
20260304230844.0 |
| 008 |
250422c1981 xo 0 slo |
| 015 |
|
|
|a SNBRB19rr/mm-uuuuu
|
| 035 |
|
|
|a CL0105332
|
| 035 |
|
|
|a urn:nbn:sk:snk-ab2kj
|
| 035 |
|
|
|a (urnnbn)urn:nbn:sk:snk:ar-0044dn
|
| 035 |
|
|
|a (uuid)8bf1bf8c-0645-469e-93ff-e2841b7c1326
|
| 040 |
|
|
|a SNKBUCL
|b slo
|c SNKBUCL
|e AACR2
|
| 041 |
0 |
|
|a slo
|
| 044 |
|
|
|a xo
|c SK
|
| 080 |
|
|
|a 37
|2 1981
|
| 080 |
|
|
|a 03
|2 1981
|
| 100 |
1 |
|
|a Obdržálek, Zdeněk,
|d 1929-2025
|4 aut
|9 257824
|
| 245 |
1 |
0 |
|a Hlavná redakcia Odborovej pedagogickej encyklopédie Slovenska zasadala
|c Z. Obdržálek
|
| 650 |
0 |
7 |
|a Odborová pedagogická encyklopédia Slovenska
|2 snkbucl
|9 1007719
|
| 655 |
|
7 |
|a články z novín a časopisov
|2 snkbucl
|9 267496
|
| 773 |
0 |
|
|t Jednotná škola
|g Roč. 33, č. 4 (1981), s. 371-373
|
| 850 |
|
|
|a Slovenská národná knižnica
|
| 852 |
|
|
|a Slovenská národná knižnica
|
| 954 |
|
|
|a odborná, vedecká literatúra pôvodná (slovenská)
|2 lita
|
| 957 |
|
|
|a 5100
|
| 958 |
|
|
|a article27
|
| 958 |
|
|
|a OND
|
| 958 |
|
|
|a RK
|
| 958 |
|
|
|a EUIPO
|
| 992 |
|
|
|a RBX
|
| 999 |
|
|
|c 3185607
|d 3187537
|